La piel de zapa

Na minha lista:
Detalhes bibliográficos
Autor principal: Balzac, Honoré de (Author)
Formato: Livro
Idioma:espanhol
Publicado em: Barcelona Altera 1995
Assuntos:
Tags: Adicionar Tag
Sem tags, seja o primeiro a adicionar uma tag!

MARC

LEADER 00000nam a2200000 a 4500
001 UCM7954
003 CL-VaPUC
008 030117e19951000SP |||||||||||||||||spa|d
082 0 4 |a 843  |b BAL  |2 21 
100 |a Balzac, Honoré de   |e author  |9 265437 
245 1 3 |a La piel de zapa 
300 |a 317 p 
942 |c BK 
945 |d 20030117 00:00:00  |a vberengu 
260 |a Barcelona  |b Altera  |c 1995 
650 0 |a Novela francesa  |9 264985 
583 |a last modification  |c 20030117 00:00:00  |k Rodrigo Vera 
999 |c 302578  |d 302576 
952 |0 0  |1 0  |4 0  |6 843_000000000000000_BAL_1995  |7 0  |8 A  |9 363248  |a BIBEDU  |b BIBEDU  |d 2019-11-21  |i 3877876  |o 843 BAL 1995  |p 3877876  |r 2019-11-21  |w 2019-11-21  |y BK  |k LIT